Historia de la vida y hechos del Emperador Carlos V: máximo, fortisimo, Rey Católico de España y de las Indias, Islas y tierra firme del mar oceano
Salvato in:
| Autore principale: | |
|---|---|
| Natura: | Libro |
| Lingua: | spagnolo |
| Pubblicazione: |
Madrid
Atlas
1955
|
| Serie: | Biblioteca de Autores Españoles, 80-81-82
|
| Soggetti: | |
| Tags: |
Aggiungi Tag
Nessun Tag, puoi essere il primo ad aggiungerne!!
|
MARC
| LEADER | 00000nam a2200000 a 4500 | ||
|---|---|---|---|
| 001 | UCX5602 | ||
| 003 | CL-VaPUC | ||
| 008 | 921130e19550000SP |||||||||||||||||spa|d | ||
| 082 | 0 | 4 | |a 946 |b SAN |2 21 |
| 100 | 0 | |a Sandoval, Prudencio de |e author |9 321921 | |
| 245 | 1 | 0 | |a Historia de la vida y hechos del Emperador Carlos V: máximo, fortisimo, Rey Católico de España y de las Indias, Islas y tierra firme del mar oceano |
| 300 | |a 3 v | ||
| 942 | |c BK | ||
| 945 | |d 19921130 00:00:00 | ||
| 260 | |a Madrid |b Atlas |c 1955 | ||
| 600 | 0 | 7 | |a CARLOS V, EMPERADOR DE ALEMANIA |2 CL-VaPUC |9 316041 |
| 583 | |a last modification |c 19921130 00:00:00 |k Rodrigo Vera | ||
| 490 | 0 | |a Biblioteca de Autores Españoles, 80-81-82 | |
| 999 | |c 225816 |d 225814 | ||
| 952 | |0 0 |1 0 |4 0 |6 946_000000000000000_SAN_1955 |7 0 |8 A |9 223662 |a FDOPOS |b FDOPOS |d 2019-11-15 |h v.1 |i 2924935 |o 946 SAN 1955 |p 2924935 |r 2025-01-22 |w 2019-11-15 |y BK |k MLH | ||
| 952 | |0 0 |1 0 |4 0 |6 946_000000000000000_SAN_1955 |7 0 |8 A |9 223663 |a FDOPOS |b FDOPOS |d 2019-11-15 |h v.2 |i 2924943 |o 946 SAN 1955 |p 2924943 |r 2025-01-22 |w 2019-11-15 |y BK |k MLH | ||
| 952 | |0 0 |1 0 |4 0 |6 946_000000000000000_SAN_1955 |7 0 |8 A |9 223664 |a FDOPOS |b FDOPOS |d 2019-11-15 |h v.3 |i 2924951 |o 946 SAN 1955 |p 2924951 |r 2025-01-22 |w 2019-11-15 |y BK |k MLH | ||